| 000 | 00356nam a2200157Ia 4500 | ||
|---|---|---|---|
| 100 | _aDesai/Sandeep | ||
| 650 | _aSoftware testing | ||
| 942 | _cBK | ||
| 366 | _f25 | ||
| 245 | _aSoftware testing:A practical approach | ||
| 260 |
_bPrentice -Hall of India _c2012 |
||
| 082 |
_a5.14 _bDES |
||
| 300 | _a188 | ||
| 546 |
_aENGLISH _cComputers |
||
| 999 |
_c32189 _d32189 |
||